| 000 | 00812nam a2200229 i 4500 | ||
|---|---|---|---|
| 001 | 12521 | ||
| 003 | ES-MaACL | ||
| 005 | 20240419214540.0 | ||
| 007 | t| | ||
| 008 | 190703s1969 sp l |||| | spa j | ||
| 100 | 1 |
_aGoedt, Michel de. _9167455 |
|
| 245 | 1 | 0 |
_aFe en Cristo y diálogos del cristiano / _cMichel de Goedt ; presentacion de M.D. Chenu ; [traducción de Francesc Gironella]. |
| 260 |
_a[Barcelona] : _bPeninsula, _c[1969] |
||
| 300 |
_a190 p ; _c20 cm. |
||
| 490 | 1 |
_aColección Pensamiento cristiano ; _v20 |
|
| 650 | 4 |
_aCristianismo- _xHistoria- _yS.XX. _9160094 |
|
| 700 | 1 |
_aChenu, Marie-Dominique ( _d1895-1990) _938350 |
|
| 700 | 0 |
_aGironella, Francesc. _957296 |
|
| 830 | 0 |
_aColección pensamiento cristiano _v20 _9179624 |
|
| 852 |
_aES-MaACL _jP-618-Ter-17 |
||
| 999 |
_c12521 _d12521 |
||